Online Catalogue and eLibrary

Family, kinship, and marriage in India / (Record no. 332)

MARC details
000 -LEADER
fixed length control field 00634cam a2200217 a 4500
001 - CONTROL NUMBER
control field 649365
005 - DATE AND TIME OF LATEST TRANSACTION
control field 20240208022311.0
008 - FIXED-LENGTH DATA ELEMENTS--GENERAL INFORMATION
fixed length control field 931112s1993 ii b 001 0 eng
020 ## - INTERNATIONAL STANDARD BOOK NUMBER
ISBN 0195628357 :
040 ## - CATALOGING SOURCE (பட்டியலாக்க மூலம்)
Original cataloging agency DLC
Transcribing agency DLC
Modifying agency DLC
082 00 - DDC Classification
Class No. 306.8
DDC Edition Number 21
Item Number - Author Mark FAM.
245 00 - TITLE STATEMENT
Title Family, kinship, and marriage in India /
Statement of responsibility, etc. edited by Patricia Uberoi.
260 ## - PUBLICATION, DISTRIBUTION, ETC.
Place of publication, distribution, etc. Delhi ;
-- New York :
Name of publisher, distributor, etc. Oxford University Press,
Date of publication, distribution, etc. 1993.
300 ## - PHYSICAL DESCRIPTION
Extent (e.g. Volumes, Pages etc.) x, 502 p. :
650 #0 - SUBJECT ADDED ENTRY--TOPICAL TERM
Topical term or geographic name entry element Families
650 #0 - SUBJECT ADDED ENTRY--TOPICAL TERM
Topical term or geographic name entry element Marriage
650 #0 - SUBJECT ADDED ENTRY--TOPICAL TERM
Topical term or geographic name entry element Kinship
700 1# - ADDED ENTRY--PERSONAL NAME
Personal name Uberoi, Patricia.
Relator term (Role) Editor
856 42 - ELECTRONIC LOCATION AND ACCESS
Uniform Resource Identifier <a href="http://www.loc.gov/catdir/enhancements/fy0638/93906668-d.html">http://www.loc.gov/catdir/enhancements/fy0638/93906668-d.html</a>
942 ## - Koha item type (Biblio)
Koha item type Books in Stacks (Lending)
Holdings
Lost status Damaged status Collection code Home library Current library Date acquired Full call number Accession Number Item type
    Lending WERC Library WERC Library 02/08/2024 306.8 FAM. 2004 Books in Stacks (Lending)

© WERC Library